000 00649cam a22002173a 4500
001 36491
003 PGUSA
005 20140828083805.0
008 110621s2011||||xxu|||||s|||||000 | eng d
040 _aPGUSA
_beng
042 _adc
100 1 _aDodsley, Robert,
_d1703-1764
245 1 4 _aThe Toy Shop (1735) The King and the Miller of Mansfield (1737)
_h[electronic resource] /
_cRobert Dodsley
260 _bProject Gutenberg,
_c2011
506 _aPublic domain in the USA.
516 _aElectronic text
700 1 _aSolomon, Harry M.
830 0 _aProject Gutenberg
_v36491
856 4 0 _uhttp://www.gutenberg.org/ebooks/36491
942 _cEB
999 _c265746
_d265746